=LDR 00000nam 2200000 4500 =001 INLIS000000000051795 =005 20231019012655 =035 ##$$a 0010-1217000035 =008 231019################g##########0#ind## =020 ##$$a 978-602-1186-32-9 =082 ##$$a 372.1 =084 ##$$a 372.1 TRI d =100 #$$a Trianto Ibnu Badar Al- Tabany =245 1#$$a Desain pengembangan pembelajaran tematik : $b Bagi anak usia didni TK/RA dan anak usia kelas awal SD/MI Implementasi kurikulum 2013 /$c Trianto Ibnu Badar Al- Tabany; editor, Jauharoh Alfin, S.Pd., M.Si. =250 ##$$a Cet. 3 =260 ##$$a Jakarta :$b Prenbada Media,$c 2015 =300 ##$$a xii, 378 hlm. ; $c 21x14 cm. =650 #4$$a Desain - Pembelajaran Anak =990 ##$$a 21704856 =990 ##$$a 21704857 =990 ##$$a 21704858 =990 ##$$a 21704859 =990 ##$$a 21704860 =990 ##$$a 18911891